| 000 | 00399 a2200169 4500 | ||
|---|---|---|---|
| 001 | 175550 | ||
| 020 | _a978-85-262-2972-3 | ||
| 040 | _cMagnum | ||
| 100 | _aRouer, Beatrice | ||
| 240 | 1 | 0 |
_aSou péssima em matemática! _lpor |
| 245 | 1 | 0 | _aSou péssima em matemática! |
| 300 | _a28 | ||
| 362 | 0 | _a2009 | |
| 440 | 1 | _aScipione | |
| 697 | _aLITERATURA INFANTO-JUVENIL ESTRANGEIRA | ||
| 942 | _cBK | ||
| 999 |
_c175550 _d175550 |
||